Why do roosters crow? : first questions and answers about farms. (Record no. 114965)
[ view plain ]
| 000 -LEADER | |
|---|---|
| fixed length control field | 00543nam a2200169 a 4500 |
| 005 - DATE AND TIME OF LATEST TRANSACTION | |
| control field | 20140414132117.0 |
| 008 - FIXED-LENGTH DATA ELEMENTS--GENERAL INFORMATION | |
| fixed length control field | 111117s19uu xx 00 eng d |
| 020 ## - INTERNATIONAL STANDARD BOOK NUMBER | |
| International Standard Book Number | 0783508999 |
| 050 ## - LIBRARY OF CONGRESS CALL NUMBER | |
| Classification number | REF 630 |
| Item number | W48 1995 |
| 245 ## - TITLE STATEMENT | |
| Title | Why do roosters crow? : first questions and answers about farms. |
| 260 ## - PUBLICATION, DISTRIBUTION, ETC. (IMPRINT) | |
| Place of publication, distribution, etc | Alexandria, Va. : |
| Name of publisher, distributor, etc | Time-Life for Children,:, |
| Date of publication, distribution, etc | c1995. |
| 500 ## - GENERAL NOTE | |
| General note | First questions and answers about the farm. |
| 650 ## - SUBJECT ADDED ENTRY--TOPICAL TERM | |
| Topical term or geographic name as entry element | Farms -- |
| 650 ## - SUBJECT ADDED ENTRY--TOPICAL TERM | |
| Topical term or geographic name as entry element | Domestic animals |
| General subdivision | Miscellanea. |
| 650 ## - SUBJECT ADDED ENTRY--TOPICAL TERM | |
| Topical term or geographic name as entry element | Questions and answers. |
| Withdrawn status | Lost status | Damaged status | Home library | Current library | Shelving location | Date acquired | Source of acquisition | Total Checkouts | Full call number | Barcode | Date last seen | Price effective from | Koha item type |
|---|---|---|---|---|---|---|---|---|---|---|---|---|---|
| Munich Library | Munich Library | Reference Section | 11/17/2011 | REF 630 W48 1995 | M6907 | 04/14/2014 | 04/14/2014 | Books |